000 00909nam a22002897a 4500
003 CHAP
005 20220329134854.0
008 971013s1976 r 00010 d
010 _a27269
011 _a28241
035 _a32344
040 _cCHAP
082 _a368.40972
_bI5
110 _aInstituto Mexicano del Seguro Social
_959268
245 _aExtensión de la seguridad social en el medio rural
260 _aMéxico, D.F. :
_bEl instituto,
_c1976
300 _a99 p
590 _aBATCH-UPD
_b10
_c20130110
_lUCH01
_h1217
590 _aBATCH-UPD
_b10
_c20130410
_lUCH01
_h0754
590 _aBATCH-UPD
_b10
_c20130914
_lUCH01
_h2016
590 _aCONVERSION
_b10
_c20130109
_lUCH01
_h1316
650 1 4 _aSeguridad social rural.
_9103689
650 1 4 _aSeguridad social
_zMéxico.
_9103687
901 _aBK
942 _cLIBRO
949 _a368.40972 I5
_bBC
_cLIBRO
_d33724000376422
_eLIBRO
_h42874
_i32344
_mD
_si
999 _c27269
_d27269